00462nam a2200109 a 450000100100000000500170001000800410002704000250006824501810009326000570027430000210033100003285420200930065856.0110714s1928 dr 000 0 spa d aDO-SdBNPbspacBNPHU00aMemoria correspondiente al año 1927, que al ciudadano Presidente de la República presenta el Sr. M. Martín de Moya, secretario de Estado de Agricultura é Inmigración. aSanto Domingo :bImp. de J. R. Vda. García,c1928. a399 p. ;c30 cm.